Statistics for Name a valid answer - Football/soccer

Click here to take the quiz!

General Stats

  • This quiz has been taken 141 times
    (15 since last reset)
  • The average score is 12 of 16

Answer Stats

Hint Answer % Correct
A team José Mourinho has coachedBenfica | UD Leiria | FC Porto | Chelsea | Inter Milan | Real Madrid | Manchester United | Tottenham
100%
A Premier League club based in LondonArsenal | Chelsea | Crystal Palace | Tottenham | West Ham
100%
A french player who has scored in a World Cup finalZinedine Zidane | Emmanuel Petit | Antoine Griezmann | Paul Pogba | Kylian Mbappé
92%
A Manchester United legend who wore #7George Best | Bryan Robson | Eric Cantona | David Beckham | Cristiano Ronaldo
92%
A Brazilian player who won the Ballon d'OrRonaldo | Rivaldo | Ronaldinho | Kaka
85%
A club who won the Europa League in the 2010'sAtlético Madrid | FC Porto | Chelsea | Sevilla FC | Manchester United
85%
An English international with more than 100 capsPeter Shilton | Wayne Rooney | David Beckham | Steven Gerrard | Bobby Moore | Ashley Cole | Bobby Charlton | Frank Lampard | Billy Wright
85%
A player who played for both Real Madrid and BarcelonaRonaldo | Luis Figo | Michael Laudrup | Luis Enrique | Samuel Eto'o | Gheorghe Hagi |
77%
A team who won the Africa Cup of Nations since 2000Cameroon | Tunisia | Egypt | Zambia | Nigeria | Ivory Coast | Algeria
77%
A coach of FC Barcelona in the 2010'sPep Guardiola | Tito Vilanova | Jordi Roura | Gerardo Martino | Luis Enrique | Ernesto Valverde
69%
A captain who won the World Cup since 1990.Lothar Matthaüs | Dunga | Didier Deschamps | Cafu | Fabio Cannavaro | Iker Casillas | Philipp Lahm | Hugo Lloris
69%
A Leicester City player who was elected to the PFA Team of the Year in 2015-2016Wes Morgan | N'Golo Kanté | Riyad Mahrez | Jamie Vardy
69%
A club owned by Red BullRB Leipzig | Red Bull Salzburg | New York Red Bulls
62%
A Dutch player who played for ArsenalDennis Bergkamp | Robin Van Persie | Marc Overmars | Nacer Barazite | Glenn Helder | Giovanni van Bronckhorst
54%
A player who scored more than 10 goals in a single World CupSandor Kocsis | Just Fontaine | Gerd Müller
46%
A French who has played for Bayern MunichJean-Pierre Papin | Willy Sagnol | Bixente Lizarazu | Franck Ribéry | Kingsley Coman | Corentin Tolisso | Benjamin Pavard | Lucas Hernandez | Mickaël Cuisance
46%

Score Distribution

Percentile by Number Answered

Percent of People with Each Score

Your Score History

You have not taken this quiz since the last reset